000 00668nam a22002057a 4500
999 _c20374
_d20374
003 AR-CdUCM
008 190529b ||||| |||| 00| 0 spa d
040 _aMUNICIPALIDAD PROVINCIAL DEL CUSCO
_cBIBLIOTECA MUNICIPAL DEL CUSCO
082 _a512.2 /
_bA44
100 _aAlterisio, Lauro
_942607
245 _aMatemática financiera /
260 _aBuenoas Aires :
_bEl ateneo,
_c1953.
300 _a319 páginas ;
_c26 cm.
505 _aContenido: Interés simple -- Descuentos simples -- Interés compuesto...
650 _aMonto simple
_942608
650 _aMétodo del 6%
_942609
650 _aTasa proporcional
_942610
942 _2ddc
_cLIBROS
945 _aAndy